000 02078cam a22005294i 4500
003 PE-LiUPU
005 20250731180057.0
008 150617s r 000 0 d
035 _a(Sirsi) a15808
040 _aPE-LiUPU
_bspa
_cPE-LiUPU
_erda
049 _aPRUA
082 0 4 _a519.5307
_bD95
_221
100 1 _aDownie, Norville M.,
_eautor.
245 1 0 _aMétodos estadísticos aplicados /
_cNorville Downie.
264 1 _aMéxico :
_bHarper & Latinoamericana,
_c1973.
300 _a373 páginas ;
_c23 cm
336 _atext
_2rdacontent
337 _aunmediated
_2rdamedia
338 _avolume
_2rdacarrier
504 _aIncluye bibliografía.
505 0 _aRepaso de conceptos fundamentales -- Distribución de frecuencias gráficas y centiles -- Medidas de las tendencia central -- Medidas de la variabilidad -- Puntuaciones tipificadas y ley de distribución normal -- Correlación, coeficiente r de Pearson -- Otras técnicas de correlación -- Regresion lineal -- Probabilidades y ley de distribución binomial -- Muestreo -- Contraste de la diferencia de proporciones -- Introducción al análisis de la varianza -- Fiabilidad, validez y análisis de cuestiones -- Contrastes no paramétricos.
526 _aSEG44
526 _aSEG26
526 _aP159
526 _aP155
526 _aP154
526 _aP153
526 _aP150
526 _aP100
526 _aP31
526 _aP30
526 _aP26
526 _aP25
526 _aP24
526 _aP22
526 _aP15
526 _aP10
650 0 4 _aESTADISTICA.
700 1 _aHeath R. W.,
_eautor.
910 _ajck
_bjvq
_cjck
_d20150616
942 _2ddc
_cBOOK
949 _a519.5307 D95
_wDEWEY
_c1
_i33005
_lCCODEBUL1
_mBUL
_p
_r0
_sY
_tBOOK
_u19921123
_xEDUCACION
_zUNKNOWN
_0COMPRA
_o.STAFF. Colección General
994 _aC0
_bPEPRU
596 _a1
999 _a519.5307 D95
_wDEWEY
_c10538
_i33005
_f2021-11-5
_g4
_lCCODEBUL1
_mBUL
_r0
_sN
_tBOOK
_u2015-6-17
_xBIBLIOTECA
_zUNKNOWN
_0COMPRA
_o.STAFF. Colección General
_d10538
980 _81
_gALBERTO SANCHEZ Responsable de Automatización